Integrácia srbských migrantov na slovenský trh práce bakalárska práca

Gespeichert in:
Bibliographische Detailangaben
1. Verfasser: Mojović, Iva
Körperschaft: Národohospodárska fakulta EU. Katedra sociálneho rozvoja a práce
Weitere Verfasser: Klimko, Roman, 1985-
Format: Buch
Sprache:Slowakisch
Veröffentlicht: Bratislava 2021
Tags: Tag hinzufügen
Keine Tags, Fügen Sie das erste Tag hinzu!

MARC

LEADER 00000nbm a2200000 4500
001 0275039
005 20220121101803.9
041 0 |a slo 
044 |a SK 
245 1 0 |a Integrácia srbských migrantov na slovenský trh práce  |b bakalárska práca  |c Iva Mojović ; školiteľ: Roman Klimko 
264 1 |a Bratislava  |c 2021 
300 |a 55 s. 
100 1 |a Mojović, Iva 
700 1 |a Klimko, Roman, 1985- 
710 2 |a Národohospodárska fakulta EU. Katedra sociálneho rozvoja a práce